000 00300nam a22001337a 4500
008 170921b xxu||||| |||| 00| 0 eng d
020 _a9780252010392
041 _aeng
080 _a78
100 _a45
101 _aMUZ
245 _aTHE STUDY OF ETHNOMUSICOKOGY
_cVETIL,B
942 _2udc
_cBK
999 _c28726
_d28726